| 000 | 01027cam a22002294a 4500 | ||
|---|---|---|---|
| 005 | 20250605164221.0 | ||
| 008 | 250528s ||||||||||||||||||||||||d | ||
| 035 | _a20656 | ||
| 020 | _a13569146 | ||
| 040 |
_aGR-AtMCL _bgre _dGR-AtMCL _eAACR2 |
||
| 245 | 1 | _aBusiness Mathematics / Fifth Edition | |
| 250 | _a5th | ||
| 260 |
_bPrentice Hall, _c1997 |
||
| 300 | _a646 | ||
| 520 | _aEssential Mathematics, Percents and Their Applications, Pricing a Product, Commercial Discounts, Accounting Topics: Depreciation and Valuation of Inventory, Accounting Topics: Parthnership and Profits and Payroll, Borrowing Money: Interest, Borrowing Money: Bank Discounts, Consumer Profit, Compound Interest, Annuities, Understanding Statistics, Investing, Appendices, Review of Arithmentic, The Metric System, Tables, Answers to Odd-Numbered Problems, Index. | ||
| 700 | 1 |
_aHighland Esther H _96616 |
|
| 700 | 1 |
_aPeselnick Charles _96617 |
|
| 700 | 1 |
_aRosenbaum Robert S _96618 |
|
| 942 | _cBK | ||
| 999 |
_c5744 _d5744 |
||